Catálogo público

Educación ambiental y cambio climatico : (Record no. 219304)

MARC details
000 -CABECERA
campo de control de longitud fija 01218nam a2200253 a 4500
003 - IDENTIFICADOR DEL NÚMERO DE CONTROL
campo de control OSt
005 - FECHA Y HORA DE LA ÚLTIMA TRANSACCIÓN
campo de control 20231023091907.0
008 - DATOS DE LONGITUD FIJA--INFORMACIÓN GENERAL
campo de control de longitud fija 231023s2020 mx a|||| |||| 001 0 spa d
020 ## - NÚMERO INTERNACIONAL ESTÁNDAR DEL LIBRO
Número Internacional Estándar del Libro 978-607-12-0574-2
040 ## - FUENTE DE LA CATALOGACIÓN
Centro/agencia transcriptor CHAP
090 ## - LOCALMENTE ASIGNADO TIPO-LC NÚMERO DE CLASIFICACIÓN (OCLC); NÚMERO DE CLASIFICACIÓN LOCAL (RLIN)
Número de clasificación (OCLC) (R) ; Numero de clasificación, CALL (RLIN) (NR) CD 508
245 ## - MENCIÓN DE TÍTULO
Título Educación ambiental y cambio climatico :
Resto del título repercusiones, perspectivas y experiencias locales /
Medio coordinado por Oswaldo Rahmses Castro Martínez, Erasmo Velázquez Cigarroa y Enriqueta Tello García.
264 ## - PRODUCCIÓN, PUBLICACIÓN, DISTRIBUCIÓN, FABRICACIÓN Y COPYRIGHT
Producción, publicación, distribución, fabricación y copyright Chapingo, México :
Nombre del de productor, editor, distribuidor, fabricante Universidad Autónoma Chapingo,
Fecha de producción, publicación, distribución, fabricación o copyright 2020.
300 ## - DESCRIPCIÓN FÍSICA
Extensión 451 páginas.
Otras características físicas imagenes, tablas, figuras.
504 ## - NOTA DE BIBLIOGRAFÍA, ETC.
Nota de bibliografía, etc. Incluye referencias bibliográficas páginas : 33-35,48-50,67-72,86-88,101-103,114-115,131-132,148-149,165-166,178-179,194-196,212,224-227,247-249,262-263,277-279,296-299,313-314,330-332,346-348,361-363,376,378-392-395,413-414,427-429.
650 #7 - PUNTO DE ACCESO ADICIONAL DE MATERIA--TÉRMINO DE MATERIA
9 (RLIN) 35556
Término de materia o nombre geográfico como elemento de entrada Educación ambiental
650 #7 - PUNTO DE ACCESO ADICIONAL DE MATERIA--TÉRMINO DE MATERIA
9 (RLIN) 17792
Término de materia o nombre geográfico como elemento de entrada Cambios climáticos
650 #7 - PUNTO DE ACCESO ADICIONAL DE MATERIA--TÉRMINO DE MATERIA
9 (RLIN) 74069
Término de materia o nombre geográfico como elemento de entrada Medio ambiente
Subdivisión general Contaminación
700 1# - PUNTO DE ACCESO ADICIONAL--NOMBRE DE PERSONA
9 (RLIN) 130484
Nombre de persona Castro Martínez, Oswaldo Rahmses
Término indicativo de función/relación Coordinador.
700 1# - PUNTO DE ACCESO ADICIONAL--NOMBRE DE PERSONA
9 (RLIN) 128864
Nombre de persona Velázquez Cigarroa, Erasmo
Término indicativo de función/relación Coordinador.
700 0# - PUNTO DE ACCESO ADICIONAL--NOMBRE DE PERSONA
9 (RLIN) 112101
Nombre de persona Tello García, Enriqueta
Término indicativo de función/relación Coordinador.
942 ## - ELEMENTOS DE PUNTO DE ACCESO ADICIONAL (KOHA)
Fuente del sistema de clasificación o colocación Clasificación Universidad Autónoma de Chapingo
942 ## - ELEMENTOS DE PUNTO DE ACCESO ADICIONAL (KOHA)
Tipo de ítem Koha CD
Holdings
Estado de retiro Estado de pérdida Fuente del sistema de clasificación o colocación Estado dañado Restricciones de uso No para préstamo Código de colección Localización permanente Ubicación/localización actual Fecha de adquisición Total de préstamos Signatura topográfica completa Código de barras Fecha visto por última vez Precio válido a partir de Tipo de ítem Koha Número de copia
    Clasificación Universidad Autónoma de Chapingo   Préstamo interno   Material multimedia Biblioteca Central Biblioteca Central 23/10/2023   CD-508 33724002583731 23/10/2023 23/10/2023 CD  
    Clasificación Universidad Autónoma de Chapingo   Préstamo interno   Material multimedia Biblioteca Central Biblioteca Central 23/10/2023   CD-508 33724002583690 23/10/2023 23/10/2023 CD c.2
    Clasificación Universidad Autónoma de Chapingo   Préstamo interno   Material multimedia Biblioteca Central Biblioteca Central 23/10/2023   CD-508 33724002565694 25/10/2023 23/10/2023 CD c.3
    Clasificación Universidad Autónoma de Chapingo   Préstamo interno   Material multimedia Biblioteca Central Biblioteca Central 23/10/2023   CD-508 33724002565736 25/10/2023 23/10/2023 CD c.4